000 00871 a2200445 4500
000 BKB
001 071628
005 20200902151034.0
008
010 _a
020 _a
082 _a574.015195
_bS39B
100 1 _aSokal, Robert R.
110 _a
245 1 _aBiometry
_cby Robert R. Sokal and F. James Rohlf
250 _a3rd ed.
260 _aNew York
_bW.H. Freeman & Co.
_c1995
300 _a887p.
490 _a
_v
500 _a
600 _a
610 _a
611 _a
630 _a
650 _a
651 _a
654 _a
690 _aBiometry
700 _aRohlf, F. James
_b
_c
710 _a
_b
_c
711 _a
720 _a
730 _a
740 _a
752 _a
856 _a
_d
_f
904 _a
964 _a
_b
_c
_d
_e
_f
_g
965 _a
999 _c4917
_d4917